000 00542nam a2200217Ia 4500
003 OSt
005 20260521164526.0
008 210210b1985 xxu||||| |||| 00| 0 eng d
040 _cAL
041 _aKonkani
082 _a891.463 ORWM
100 _aORWELL (George).
_9264259
245 _aMonjati gharbhat.
260 _aGoy.
_bKonkani Saraspat Prakashan.,
_c1985
300 _a112
650 _aAnimal Farm
_9264262
690 _aKonkani Fiction
_9264260
700 _aOlivinho Gomes. tr
_9264261
906 _a050076
942 _2ddc
_cBK
999 _c98953
_d98953